000 00948nas a2200301 4500
001 BR2019000180
003 BR-BrBNA
005 20231205131542.0
007 ta
008 230509b bl.|||p| |||| 00| 00por d
040 _aBR-BrBNA
_bpor
_cBiblioteca Nacional de Agricultura
041 _a(En)
072 _aF30
100 1 _aMaciel, G.M.
100 1 _aFinzi, R.R.
100 1 _aMarra, A.W.C.
100 1 _aCarvalho, F.J.
100 1 _aNogueira, A.P.O.
245 1 _aAgronomic potential and selection of okra hybrids to obtain potential genitors
650 _aQUIABO
650 _aBANCO DE GERMOPLASMA
650 _aVIGOR HÍBRIDO
650 _aVARIAÇÃO GENÉTICA
773 0 _tHorticultura Brasileira (Brazil)
_xISSN 1806-9991
_g(Jan-Mar 2018), v. 36(1) p. 112-117
_wBR2019000180
856 4 0 _uhttp://www.scielo.br/pdf/hb/v36n1/1806-9991-hb-36-01-112.pdf
909 _a202311
_bLúcia
_c55
_dLúcia Elande
942 _2AGRIS
_n0
_cANA
999 _c255415
_d255415